000
00333nam a22001457a 4500
008
210312b ||||| |||| 00| 0 eng d
020
_a
9781452820460
041
_a
eng
080
_a
616.34
082
_a
616.34
100
_a
9
101
_a
GAS
245
_a
The Tunnel at the end of the Light
_c
Cotton, P. B
942
_2
udc
_c
BK
999
_c
56603
_d
56603